00374nam a22001217a 4500020000800000040001600008082001300024100003600037245008600073250002300159260005000182300002000232 qHB. cFIZZA ISHAQ a709bHEG aHegel, Georg Wilhelm Friedrich. aGreat Books of the Western World Vol 46 Hegel /c Georg Wilhelm Friedrich Hegel.  aVol. 46 — Hegel. aLondon:bEncyclopaedia Britannica Inc.c1952. a369 P. ;c24 cm